Golden Jubilee Celebrations: (Record no. 7988)
[ view plain ]
| 000 -LEADER | |
|---|---|
| fixed length control field | 00490nam a22001457a 4500 |
| 008 - FIXED-LENGTH DATA ELEMENTS--GENERAL INFORMATION | |
| fixed length control field | 190618b ||||| |||| 00| 0 eng d |
| 020 ## - INTERNATIONAL STANDARD BOOK NUMBER | |
| International Standard Book Number | 9789998085909 |
| 082 ## - DEWEY DECIMAL CLASSIFICATION NUMBER | |
| Classification number | 954.84 T628g 2019 |
| 100 ## - MAIN ENTRY--PERSONAL NAME | |
| Personal name | Tobgay, Sonam |
| 245 ## - TITLE STATEMENT | |
| Title | Golden Jubilee Celebrations: |
| Remainder of title | The Establishment of Formal Diplomatic Relations between Bhutan and India.(1968-2018). |
| 260 ## - PUBLICATION, DISTRIBUTION, ETC. | |
| Place of publication, distribution, etc. | Thimphu ; |
| Name of publisher, distributor, etc. | National Organizing Committee |
| Date of publication, distribution, etc. | 2019. |
| 300 ## - PHYSICAL DESCRIPTION | |
| Extent | 218 p. |
| Other physical details | ill. |
| Dimensions | 26 cm. |
| 650 ## - SUBJECT ADDED ENTRY--TOPICAL TERM | |
| Topical term or geographic name entry element | Special Collection |
| 942 ## - Added entry Elements (Koha) | |
| Source of classification or shelving scheme | Dewey Decimal Classification |
| Withdrawn status | Lost status | Source of classification or shelving scheme | Damaged status | Not for loan | Collection code | Home library | Current library | Shelving location | Date acquired | Serial Enumeration / chronology | Total Checkouts | Full call number | Barcode | Date last seen | Copy number | Price effective from | Koha item type | Total Renewals | Date last checked out |
|---|---|---|---|---|---|---|---|---|---|---|---|---|---|---|---|---|---|---|---|
| Dewey Decimal Classification | Special collections | RTC Library | RTC Library | Special collections | 18/06/2019 | 13867 | 954.98 TOB | 30004947 | 18/06/2019 | 1 | 18/06/2019 | Special Collections | |||||||
| Dewey Decimal Classification | Over Size books | RTC Library | RTC Library | Over size books | 18/06/2019 | 13868 | 5 | 954.98 TOB | 30008223 | 19/04/2024 | 2 | 18/06/2019 | Oversize | 3 | 20/02/2020 |